Didáctica de las segundas lenguas; estrategias y recursos básicos /
Guardado en:
| Autor Principal: | |
|---|---|
| Otros Autores: | |
| Formato: | Libro |
| Publicado: |
España :
Santillana,
1990
|
| Series: | Aula Xxi
|
| Materias: | |
| Etiquetas: |
Agregar Etiqueta
Sin Etiquetas, Sea el primero en etiquetar este registro!
|
| LEADER | 00619nam a22002175a 4500 | ||
|---|---|---|---|
| 001 | CEM.cems008865 | ||
| 005 | 20060214000000.0 | ||
| 008 | 130507s1990##################000#0#####d | ||
| 003 | CEMS | ||
| 082 | 0 | 4 | |a 372.84 |
| 100 | 1 | |a Bello, P. | |
| 245 | 1 | 0 | |a Didáctica de las segundas lenguas; estrategias y recursos básicos / |
| 260 | |a España : |b Santillana, |c 1990 | ||
| 300 | |a 371 p. | ||
| 490 | 0 | |a Aula Xxi | |
| 653 | |a C. basico 1995 | ||
| 653 | |a Didactica segundas lenguas | ||
| 653 | |a Ingles | ||
| 653 | |a Ingles-didactica | ||
| 700 | 1 | |a Feria Averdu, M. | |
| 859 | |a CEMS |b BIB. CEMS - 11 de abril |h 372.84 |i B419 |p 18375.95 |t Ej.1 | ||
